| 000 | 00536nam a22001697a 4500 | ||
|---|---|---|---|
| 003 | NUST - PNEC | ||
| 005 | 20170116180916.0 | ||
| 008 | 150903b xxu||||| |||| 00| 0 eng d | ||
| 020 | _a9698122036 | ||
| 040 | _cLIBRARY | ||
| 082 | _a620.11 ANW | ||
| 100 |
_96984 _aAnwar-ul-Haq; |
||
| 245 |
_aAdvanced materials-93: proceedings of the 4th International Symposium on Advanced Materials, 17-21st September, 1995, Islamabad, Pakistan _c Anwar-ul-Haq; |
||
| 260 | _cc1993. | ||
| 650 |
_96985 _aMaterials science _xME |
||
| 942 |
_2ddc _cBK |
||
| 999 |
_c65467 _d65467 |
||